000 00306nam a22001337a 4500
008 170711b xxu||||| |||| 00| 0 eng d
020 _a0791000699
041 _aeng
080 _a05
100 _a23
101 _aENC
245 _aMONOUCLEOSIS AND OTHER INFECTIOUS DISEASES
_cSHADER,L
942 _2udc
_cBK
999 _c20225
_d20225